[Event "32.Schlosspark-Open"]
[Site "Wiesbaden-Biebrich"]
[Date "2023.08.24"]
[Round "1.54"]
[White "Eckert, Michael"]
[Black "Burkart, Lloyd Shang"]
[Result "0-1"]
[WhiteElo "1570"]
[BlackElo "1891"]
[PlyCount "54"]
[EventDate "2023.??.??"]
[WhiteTeam "SK Herborn 1946"]
[BlackTeam "SV 1920 Hofheim"]

1. c4 Nf6 2. Nc3 e6 3. g3 d5 4. d4 c6 5. cxd5 exd5 6. Nf3 Bd6 7. Bg2 Bf5 8. Nh4 Be6 9. e4 dxe4 10. Nxe4 Nxe4 11. Bxe4 Bb4+ 12. Kf1 O-O 13. Be3 Bd5 14. Bxd5 Qxd5 15. Qf3 Qe6 16. Kg2 Nd7 17. Rhd1 Nf6 18. Qf5 Rfe8 19. Qxe6 Rxe6 20. Nf3 Nd5 21. Bd2 Re2 22. Re1 Rxd2 23. Nxd2 Bxd2 24. Re2 Ba5 25. a3 a6 26. b4 Bb6 27. Rd1 Nc3 0-1

[Event "32.Schlosspark-Open"]
[Site "Wiesbaden-Biebrich"]
[Date "2023.08.24"]
[Round "1.55"]
[White "Eveleens, Wim"]
[Black "Müller, Jens"]
[Result "1-0"]
[WhiteElo "1993"]
[BlackElo "1427"]
[PlyCount "57"]
[EventDate "2023.??.??"]
[WhiteTeam "SV Amstel"]
[BlackTeam "SV 1920 Hofheim"]

1. c4 e5 2. g3 Nc6 3. Nc3 Nf6 4. Bg2 Bb4 5. Nd5 Bc5 6. e3 O-O 7. Ne2 a6 8. O-O d6 9. h3 Bf5 10. d3 Rb8 11. Kh2 Re8 12. e4 Bd7 13. f4 Nxd5 14. cxd5 Nd4 15. f5 c6 16. Nc3 b5 17. f6 b4 18. dxc6 Bxc6 19. Qg4 g6 20. Nd5 Bxd5 21. exd5 Qc8 22. Qg5 Kh8 23. Bd2 a5 24. Be4 Qd7 25. Qh4 Rg8 26. Bh6 a4 27. Bg7+ Rxg7 28. fxg7+ Kxg7 29. g4 1-0

[Event "32.Schlosspark-Open"]
[Site "Wiesbaden-Biebrich"]
[Date "2023.08.24"]
[Round "1.56"]
[White "Spreer, Lutz"]
[Black "Gentner, Markus"]
[Result "0-1"]
[WhiteElo "1560"]
[BlackElo "1982"]
[PlyCount "64"]
[EventDate "2023.??.??"]
[WhiteTeam "Erster Burgstädter SK 19"]
[BlackTeam "SC Murrhardt 1948 e.V."]

1. e4 c6 2. Nc3 d5 3. Nf3 dxe4 4. Nxe4 Nf6 5. Qe2 Qc7 6. Qc4 Bf5 7. Ng3 Bg6 8. d4 Nbd7 9. Qb3 e6 10. h4 h6 11. Bc4 Bd6 12. h5 Bh7 13. Ne2 O-O-O 14. Be3 Ng4 15. Bd2 Rhe8 16. O-O-O Nxf2 17. Rh4 Nxd1 18. Kxd1 Nf6 19. Nf4 Nd5 20. Nxd5 exd5 21. Be2 Qe7 22. Bf1 Be4 23. Rh3 Qf6 24. Bc3 Bf5 25. Rh4 Re3 26. Rh1 Bg4 27. Be2 Rde8 28. Re1 Rxe2 29. Rxe2 Bxf3 30. Bb4 Bxe2+ 31. Kc1 Qf1+ 32. Kd2 Bf4+ 0-1

[Event "32.Schlosspark-Open"]
[Site "Wiesbaden-Biebrich"]
[Date "2023.08.24"]
[Round "1.57"]
[White "Villani, Cristian"]
[Black "Vick, Edward"]
[Result "1-0"]
[WhiteElo "1986"]
[BlackElo "1341"]
[PlyCount "75"]
[EventDate "2023.??.??"]
[WhiteTeam "SK Durlach"]
[BlackTeam "TuS Makkabi Wiesbaden"]

1. Nf3 d5 2. d4 Nf6 3. c4 e6 4. Nc3 Bb4 5. Bg5 c6 6. Qa4 Bxc3+ 7. bxc3 Nbd7 8. cxd5 exd5 9. e3 Qc7 10. Qa3 c5 11. dxc5 Ne4 12. c6 Ne5 13. Bf4 f6 14. cxb7 Bxb7 15. Bb5+ Kf7 16. Rc1 Rhc8 17. Nd2 Nxd2 18. Kxd2 Nc4+ 19. Bxc4 Qxc4 20. Qb3 Qc6 21. Rhd1 Ba6 22. Rb1 g5 23. Bg3 h5 24. h3 h4 25. Bh2 Re8 26. Ke1 Re7 27. Qxd5+ Qxd5 28. Rxd5 Bc4 29. Rd2 Rc8 30. Bd6 Rd7 31. Rbb2 a6 32. Bh2 Re7 33. Rb6 Bb5 34. Rdd6 Rxc3 35. Rxf6+ Ke8 36. Rb8+ Kd7 37. Rd6+ Kc7 38. Rd3+ 1-0

[Event "32.Schlosspark-Open"]
[Site "Wiesbaden-Biebrich"]
[Date "2023.08.24"]
[Round "1.58"]
[White "Heitmann, Dirk"]
[Black "Schwarz, Eduard"]
[Result "0-1"]
[WhiteElo "1554"]
[BlackElo "1951"]
[PlyCount "84"]
[EventDate "2023.??.??"]
[WhiteTeam "SVG Eppstein 1932"]
[BlackTeam "SG Turm Idstein"]

1. Nf3 Nf6 2. g3 d5 3. d4 e6 4. Bg2 Be7 5. O-O O-O 6. c4 c6 7. Nc3 b6 8. Qc2 Ba6 9. cxd5 cxd5 10. Re1 Nc6 11. a3 Rc8 12. e3 Na5 13. Nd2 Qc7 14. Qd1 Bd3 15. e4 dxe4 16. Ndxe4 Nxe4 17. Nxe4 Bc2 18. Bf4 Qc4 19. Qh5 Nb3 20. Bd6 Rfe8 21. Bxe7 Rxe7 22. Nd6 Qc7 23. Nxc8 Qxc8 24. Rac1 Nxc1 25. Rxc1 Rc7 26. Qe5 g6 27. d5 exd5 28. Bxd5 Qd8 29. Bf3 Rc5 30. Qe3 Qf6 31. Bb7 Qxb2 32. Re1 Bf5 33. h4 Qc3 34. Qe8+ Kg7 35. Rd1 Qe5 36. Qa8 Rc2 37. Qd8 Bg4 38. Qd4 Qxd4 39. Rxd4 h5 40. Ra4 a5 41. Be4 Rc3 42. f3 Bxf3 0-1

[Event "32.Schlosspark-Open"]
[Site "Wiesbaden-Biebrich"]
[Date "2023.08.24"]
[Round "1.59"]
[White "Diez, Gerhard"]
[Black "Traut, Stefan"]
[Result "1-0"]
[WhiteElo "1980"]
[BlackElo "1543"]
[PlyCount "74"]
[EventDate "2023.??.??"]
[WhiteTeam "SC Bad Nauheim"]
[BlackTeam "SF Heusenstamm"]

1. e4 d5 2. exd5 Qxd5 3. Nc3 Qa5 4. Nf3 Bf5 5. b4 Qb6 6. Nd5 Qd6 7. Ne3 Bg6 8. Rb1 Nf6 9. Bb2 Nbd7 10. Be2 e5 11. Nc4 Qe6 12. Ncxe5 Nxe5 13. Nxe5 Bd6 14. Nxg6 hxg6 15. h3 O-O 16. O-O Rad8 17. Bf3 Rb8 18. Bd4 b6 19. Rb3 Qf5 20. b5 Qf4 21. g3 Qxd4 22. c3 Qc5 23. d4 Qf5 24. Kg2 Rfe8 25. Bc6 Re7 26. c4 Qg5 27. f4 Qh6 28. Rbf3 Rf8 29. Qc2 Nd7 30. R1f2 Nf6 31. c5 bxc5 32. dxc5 Rd8 33. cxd6 Rxd6 34. g4 Nd7 35. Qa4 Nc5 36. Qc2 Nd7 37. Qa4 Nc5 1-0

[Event "32.Schlosspark-Open"]
[Site "Wiesbaden-Biebrich"]
[Date "2023.08.24"]
[Round "1.60"]
[White "Niedenthal, Robert"]
[Black "Pauls, Wilhelm"]
[Result "0-1"]
[WhiteElo "1536"]
[BlackElo "1957"]
[PlyCount "54"]
[EventDate "2023.??.??"]
[WhiteTeam "SV 1920 Hofheim"]
[BlackTeam "Sportgemeinschaft Kaarst 1912/35"]

1. c4 c5 2. Nc3 Nf6 3. g3 e6 4. Bg2 d5 5. cxd5 exd5 6. b3 Nc6 7. Bb2 Be7 8. e3 Nb4 9. d3 Bf5 10. e4 dxe4 11. dxe4 Bg6 12. Nd5 Nfxd5 13. a3 Bf6 14. Bxf6 Qxf6 15. axb4 Nxb4 16. Ne2 Rd8 17. Qb1 Nd3+ 18. Qxd3 Qxa1+ 19. Kd2 Qb2+ 20. Ke3 Rxd3+ 21. Kxd3 Qxb3+ 22. Nc3 O-O 23. Rb1 Rd8+ 24. Ke2 Qc2+ 25. Kf1 Rd2 26. Rxb7 Rxf2+ 27. Ke1 Qd2# 0-1

[Event "32.Schlosspark-Open"]
[Site "Wiesbaden-Biebrich"]
[Date "2023.08.24"]
[Round "1.61"]
[White "Giese, Tilman"]
[Black "Will, Elina"]
[Result "1-0"]
[WhiteElo "1977"]
[BlackElo "1295"]
[PlyCount "97"]
[EventDate "2023.??.??"]
[WhiteTeam "SC Turm Illingen"]
[BlackTeam "TuS Makkabi Wiesbaden"]

1. Nf3 d5 2. g3 Nc6 3. d4 Bf5 4. Bg2 Nf6 5. O-O e6 6. c4 Be7 7. Nc3 O-O 8. Nh4 Bg6 9. Nxg6 hxg6 10. cxd5 exd5 11. Bg5 Ne4 12. Bxe7 Nxc3 13. Bxd8 Nxd1 14. Bxc7 Nxb2 15. Bxd5 Rac8 16. Bxc6 Rxc7 17. Be4 Re8 18. f3 Rd7 19. Rab1 Na4 20. Rfc1 Nb6 21. Rb4 f5 22. Bd3 Red8 23. e3 Kh7 24. Kf2 Kh6 25. h4 Re7 26. Rb3 Nd5 27. Re1 Rc7 28. h5 gxh5 29. Bxf5 g6 30. Be4 Nb6 31. Reb1 Rdd7 32. Rb4 Nd5 33. Bxd5 Rxd5 34. R1b2 b6 35. e4 Rd6 36. d5 Kg7 37. Rd2 Kf7 38. Rbd4 Ke7 39. f4 Rc8 40. Ke3 Rc3+ 41. R4d3 Rc1 42. Kd4 Rc8 43. Rc3 Ra8 44. Rc7+ Kf8 45. e5 Rdd8 46. Rdc2 a6 47. e6 Kg8 48. Ke5 Rf8 49. d6 1-0

[Event "32.Schlosspark-Open"]
[Site "Wiesbaden-Biebrich"]
[Date "2023.08.24"]
[Round "1.62"]
[White "Gerber, Ingo"]
[Black "Sanati, Charlotte"]
[Result "0-1"]
[WhiteElo "1533"]
[BlackElo "1976"]
[PlyCount "102"]
[EventDate "2023.??.??"]
[WhiteTeam "Sfr.Mainz 1928"]
[BlackTeam "SG Trier 1877 e.V."]

1. d4 d5 2. Bf4 Nf6 3. Nf3 Bf5 4. Nbd2 e6 5. e3 Bd6 6. Ne5 Nbd7 7. Bd3 Bxd3 8. cxd3 O-O 9. O-O Qe7 10. Rc1 Rfc8 11. Nxd7 Nxd7 12. Bxd6 Qxd6 13. Qb3 Qa6 14. e4 c6 15. Rc3 b5 16. Qb4 Rc7 17. Qd6 Rac8 18. Rfc1 Nb8 19. a3 Qb6 20. Nf3 Rd7 21. Qe5 a5 22. h3 h6 23. exd5 Rxd5 24. Qe4 Nd7 25. b4 axb4 26. axb4 Nb8 27. Qf4 f6 28. Qg4 Kf7 29. Qf4 Rf5 30. Qe4 Qd8 31. g4 Rd5 32. Qf4 Kg8 33. Kg2 Qe7 34. Rc5 Qd7 35. Ra1 Qb7 36. Qe4 Kf7 37. Nh4 Na6 38. Rxd5 cxd5 39. Qe1 Rc6 40. Nf3 Qe7 41. Rb1 Rc2 42. Rb3 Ra2 43. Qc3 Qc7 44. Qxc7+ Nxc7 45. h4 Na6 46. g5 hxg5 47. hxg5 Ra4 48. gxf6 gxf6 49. Nd2 Rxb4 50. Ra3 Ra4 51. Rb3 Rxd4 0-1

[Event "32.Schlosspark-Open"]
[Site "Wiesbaden-Biebrich"]
[Date "2023.08.24"]
[Round "1.63"]
[White "Martin, Reiner"]
[Black "Manasek, Martin"]
[Result "1-0"]
[WhiteElo "1975"]
[BlackElo "1519"]
[PlyCount "57"]
[EventDate "2023.??.??"]
[WhiteTeam "SC Bad Soden"]
[BlackTeam "SC Flörsheim 1921"]

1. d4 d5 2. c4 c6 3. Nc3 Nf6 4. e3 Bg4 5. f3 Bf5 6. Qb3 Qc8 7. cxd5 cxd5 8. Nxd5 Nxd5 9. Qxd5 Qd7 10. Qb3 e6 11. e4 Bg6 12. Bb5 Nc6 13. d5 Bb4+ 14. Kf1 exd5 15. exd5 Qe7 16. Bf4 O-O 17. dxc6 bxc6 18. Bc4 Rfe8 19. g3 h5 20. Kg2 Ba5 21. Nh3 Rad8 22. Bg5 Rd2+ 23. Bxd2 Bxd2 24. Rad1 Ba5 25. Nf4 Qg5 26. Nxg6 Qxg6 27. Rd7 Rf8 28. Rhd1 Bb6 29. Rxf7 1-0

[Event "32.Schlosspark-Open"]
[Site "Wiesbaden-Biebrich"]
[Date "2023.08.24"]
[Round "1.64"]
[White "Maibaum, Harry"]
[Black "Blübaum, Johanna"]
[Result "0-1"]
[WhiteElo "1496"]
[BlackElo "1969"]
[PlyCount "78"]
[EventDate "2023.??.??"]
[WhiteTeam "Sfr.Heimersheim"]
[BlackTeam "SV Königsspringer Lemgo"]

1. c4 e6 2. g3 d5 3. Bg2 Nf6 4. Nf3 c5 5. O-O Nc6 6. e3 Be7 7. b3 O-O 8. Bb2 Qb6 9. d3 Rd8 10. Qc2 Nb4 11. Qe2 Bd7 12. Na3 Be8 13. d4 Ne4 14. Nd2 f5 15. Nxe4 dxe4 16. Nc2 Nd3 17. Bc3 Qc7 18. Ne1 cxd4 19. exd4 Bb4 20. Bxb4 Nxb4 21. a3 Nc6 22. Nc2 Nxd4 23. Nxd4 Rxd4 24. Rfd1 Rad8 25. Rxd4 Rxd4 26. Rd1 Qd8 27. Rxd4 Qxd4 28. a4 b6 29. Qe3 Qxe3 30. fxe3 a5 31. Kf2 Kf8 32. Ke2 Ke7 33. Kd2 Kd6 34. Kc3 Kc5 35. Bf1 Bh5 36. Bg2 e5 37. Bh3 g6 38. Bg2 Bf3 39. Bf1 g5 0-1

[Event "32.Schlosspark-Open"]
[Site "Wiesbaden-Biebrich"]
[Date "2023.08.24"]
[Round "1.65"]
[White "Albert, Ingo"]
[Black "Bresslauer, Stefan"]
[Result "1-0"]
[WhiteElo "1968"]
[BlackElo "1493"]
[PlyCount "49"]
[EventDate "2023.??.??"]
[WhiteTeam "FT Schierstein"]
[BlackTeam "SVG Eppstein 1932"]

1. e4 e6 2. d4 d5 3. Nd2 Nf6 4. e5 Nfd7 5. Bd3 c5 6. c3 Nc6 7. Ne2 Qb6 8. Nf3 cxd4 9. cxd4 Be7 10. O-O f6 11. Nf4 Nb4 12. exf6 Nxf6 13. Bb1 Bd7 14. Re1 O-O-O 15. a3 Na6 16. Ng5 Rde8 17. Ngxe6 Bxa3 18. Rxa3 Bxe6 19. Nxe6 Rxe6 20. Bf5 Nc7 21. Bf4 Qxb2 22. Rxe6 Nxe6 23. Bxe6+ Kd8 24. Rb3 Qa2 25. Rxb7 1-0

[Event "32.Schlosspark-Open"]
[Site "Wiesbaden-Biebrich"]
[Date "2023.08.24"]
[Round "1.66"]
[White "Busch, Günther"]
[Black "Dörr, Tarik"]
[Result "0-1"]
[WhiteElo "1492"]
[BlackElo "1957"]
[PlyCount "94"]
[EventDate "2023.??.??"]
[WhiteTeam "Sfr Stiller Zug Wiesbaden"]
[BlackTeam "SC Einrich e.V."]

1. Nf3 Nf6 2. c4 c5 3. Nc3 g6 4. g3 Bg7 5. Bg2 O-O 6. O-O Nc6 7. a3 d5 8. cxd5 Nxd5 9. e4 Nc7 10. h3 e5 11. d3 h6 12. Qc2 Be6 13. Ne2 Qd6 14. Be3 Na6 15. Rad1 Rfd8 16. Nc1 Rac8 17. Nb3 Nd4 18. Nbxd4 cxd4 19. Qd2 dxe3 20. Qxe3 Bb3 21. Rd2 Nc5 22. Rc1 Be6 23. Ne1 Nb3 24. Rxc8 Rxc8 25. Rc2 Rxc2 26. Nxc2 Nd4 27. Nxd4 Qxd4 28. Qxd4 exd4 29. f4 f5 30. e5 b6 31. Kf2 a5 32. Bc6 Kf7 33. Ke2 g5 34. Bb5 gxf4 35. gxf4 Bf8 36. Bc6 Be7 37. Bf3 Bh4 38. Bh5+ Ke7 39. Bg6 Kd7 40. Kf3 Kc6 41. Kg2 Kc5 42. Be8 b5 43. a4 bxa4 44. Bxa4 Kb4 45. Bc2 Bb3 46. Bb1 Bd1 47. e6 Kb3 0-1

[Event "32.Schlosspark-Open"]
[Site "Wiesbaden-Biebrich"]
[Date "2023.08.24"]
[Round "1.67"]
[White "Baladjaev, Emin"]
[Black "Shanawaz Thabrez, Shahzaib"]
[Result "1-0"]
[WhiteElo "1967"]
[BlackElo "1312"]
[PlyCount "85"]
[EventDate "2023.??.??"]
[WhiteTeam "SAbt TuS Dotzheim"]
[BlackTeam "SK Langen"]

{[%evp 0,85,19,38,40,41,41,18,39,14,31,-19,19,-8,26,-42,-9,6,3,-13,-9,-17,-23,-29,-39,-30,-27,-20,-15,-30,-20,-44,-10,-1,-3,1,2,-6,-6,-6,-4,0,0,0,45,24,9,36,57,45,92,94,85,66,121,116,119,111,137,122,125,42,110,20,129,41,21,0,0,0,36,34,112,87,153,185,224,203,234,240,29995,29996,29997,29998,29999,29998,29999,-30000]} 1. e4 c5 2. Nf3 e6 3. d3 Nc6 4. c3 Nf6 5. Be2 Be7 6. O-O O-O 7. h3 b6 8. Bf4 Bb7 9. Bh2 Re8 10. a4 d5 11. Qc2 Rc8 12. Nbd2 h6 13. Rfe1 Qd7 14. Bf1 Nh7 15. Rad1 d4 16. Nc4 Ng5 17. Nfe5 Nxe5 18. Nxe5 Qd8 19. f4 Nh7 20. Be2 Bd6 21. Nc4 f5 22. Bf3 Bc7 23. Qf2 dxc3 24. bxc3 fxe4 25. dxe4 Qe7 26. e5 Ba6 27. Nd6 Bxd6 28. Rxd6 Red8 29. Red1 Rxd6 30. Rxd6 Rd8 31. f5 exf5 32. Bd5+ Kh8 33. Rxd8+ Qxd8 34. c4 Qe8 35. Qxf5 Qxa4 36. Bg3 Qe8 37. e6 Bc8 38. Qf7 Qxf7 39. exf7 g5 40. Be5+ Nf6 41. Bxf6+ Kh7 42. Be4+ Bf5 43. Bxf5# 1-0

[Event "32.Schlosspark-Open"]
[Site "Wiesbaden-Biebrich"]
[Date "2023.08.24"]
[Round "1.68"]
[White "Herrmann, Gerhard"]
[Black "Tremöhlen, Thomas"]
[Result "0-1"]
[WhiteElo "1477"]
[BlackElo "1953"]
[PlyCount "60"]
[EventDate "2023.??.??"]
[WhiteTeam "SC Königsspringer Alzenau e.V"]
[BlackTeam "Sportgemeinschaft Kaarst 1912/35"]

1. e4 c5 2. Nf3 Nc6 3. Bb5 g6 4. c3 Bg7 5. O-O Nf6 6. Re1 O-O 7. d4 Qb6 8. a4 a6 9. dxc5 Qxc5 10. Be3 Qh5 11. Bxc6 dxc6 12. Nbd2 h6 13. Bb6 g5 14. Nd4 Qg6 15. a5 e5 16. N4f3 Nh5 17. Nc4 f6 18. Nd6 Nf4 19. Nxc8 Raxc8 20. g3 Ne6 21. Qd7 Qf7 22. Rad1 Kh7 23. Rd6 Rce8 24. Red1 Re7 25. Qxe7 Qxe7 26. Rd7 Qe8 27. Rxb7 Rf7 28. Rdd7 Rxd7 29. Rxd7 Qxd7 30. Nxg5+ hxg5 0-1

[Event "32.Schlosspark-Open"]
[Site "Wiesbaden-Biebrich"]
[Date "2023.08.24"]
[Round "1.69"]
[White "Marschner, Thomas"]
[Black "Schmitz, Bernhard Hubert"]
[Result "1/2-1/2"]
[WhiteElo "1936"]
[BlackElo "1387"]
[PlyCount "76"]
[EventDate "2023.??.??"]
[WhiteTeam "SVG Eppstein 1932"]
[BlackTeam "Vorw.Orient Mainz"]

1. e4 c5 2. Nc3 g6 3. f4 d6 4. Nf3 Nc6 5. Bb5 Bd7 6. Bc4 Bg7 7. O-O e6 8. d3 Nge7 9. Qe1 O-O 10. Qh4 Na5 11. Bb3 Nxb3 12. axb3 Bc6 13. f5 exf5 14. Bh6 f6 15. Bxg7 Kxg7 16. Rae1 Qd7 17. Qf4 Rae8 18. d4 fxe4 19. Nxe4 Bxe4 20. Rxe4 Nd5 21. Qh4 Ne3 22. Rxe8 Rxe8 23. Rf2 Qg4 24. Qxg4 Nxg4 25. Rd2 Re7 26. h3 Ne3 27. Kf2 Nf5 28. g4 Nxd4 29. Nxd4 cxd4 30. Rxd4 Rd7 31. Kf3 d5 32. c4 Kf7 33. cxd5 Ke7 34. Ke4 Kd6 35. Rd2 a6 36. Rf2 Re7+ 37. Kd4 Rf7 38. Re2 Re7 1/2-1/2

[Event "32.Schlosspark-Open"]
[Site "Wiesbaden-Biebrich"]
[Date "2023.08.24"]
[Round "1.70"]
[White "Goodwin, David"]
[Black "Ehmann, Johanna"]
[Result "0-1"]
[WhiteElo "1467"]
[BlackElo "1864"]
[PlyCount "62"]
[EventDate "2023.??.??"]
[WhiteTeam "SV 1920 Kelsterbach"]
[BlackTeam "SK Oberkirch"]

1. Nf3 Nf6 2. g3 g6 3. Bg2 Bg7 4. d3 d5 5. Nbd2 O-O 6. O-O Nc6 7. c4 e5 8. cxd5 Nxd5 9. Nc4 Be6 10. Ng5 Qd7 11. Nxe6 Qxe6 12. a3 Rad8 13. Ne3 Nxe3 14. fxe3 Rd7 15. Bxc6 Qxc6 16. Qb3 e4 17. d4 Qd5 18. Qc2 b6 19. b4 c5 20. bxc5 bxc5 21. Bb2 cxd4 22. Rad1 d3 23. exd3 exd3 24. Qd2 Bxb2 25. Qxb2 Qc5 26. Qc1 Qxc1 27. Rxc1 d2 28. Rcd1 Re8 29. Rf2 Rxe3 30. Rfxd2 Rxd2 31. Rxd2 Rxa3 0-1

[Event "32.Schlosspark-Open"]
[Site "Wiesbaden-Biebrich"]
[Date "2023.08.24"]
[Round "1.71"]
[White "Knödler, Marcel"]
[Black "Schuering, Jonas"]
[Result "1-0"]
[WhiteElo "1849"]
[BlackElo "1451"]
[PlyCount "53"]
[EventDate "2023.??.??"]
[WhiteTeam "Wiesbadener SV 1885"]
[BlackTeam "Trier"]

1. c4 e5 2. g3 Nf6 3. Bg2 c6 4. e3 d5 5. cxd5 cxd5 6. Ne2 Be6 7. O-O Be7 8. a3 Qd7 9. b4 Bh3 10. Bb2 Bd6 11. f4 Bxg2 12. Kxg2 e4 13. Bxf6 gxf6 14. Qb3 h5 15. Qxd5 f5 16. Nd4 Rh6 17. Qxf5 Qxf5 18. Nxf5 Rg6 19. Nc3 Nc6 20. Nxe4 O-O-O 21. Nexd6+ Rgxd6 22. Nxd6+ Rxd6 23. d4 Kd7 24. Rac1 Ne7 25. e4 Ra6 26. Rf3 Nc6 27. b5 1-0

[Event "32.Schlosspark-Open"]
[Site "Wiesbaden-Biebrich"]
[Date "2023.08.24"]
[Round "1.72"]
[White "Wöhl, Torsten"]
[Black "Ahrends, Norbert"]
[Result "0-1"]
[WhiteElo "1450"]
[BlackElo "1933"]
[PlyCount "74"]
[EventDate "2023.??.??"]
[WhiteTeam "SC Groß-Zimmern"]
[BlackTeam "SK 1980 Gernsheim"]

1. d4 d5 2. Nf3 Nf6 3. e3 Bg4 4. h3 Bh5 5. g4 Bg6 6. Bd3 Bxd3 7. cxd3 e6 8. Qb3 b6 9. Bd2 Nbd7 10. Nc3 Be7 11. e4 dxe4 12. dxe4 O-O 13. e5 Ne8 14. Ne4 c5 15. d5 exd5 16. Qxd5 Nc7 17. Qb3 Ne6 18. Rd1 Qc7 19. Bc3 Nf4 20. h4 c4 21. Qc2 Nd3+ 22. Kf1 N7xe5 23. Nfg5 Nxg4 24. Rxd3 cxd3 25. Qxd3 g6 26. h5 Rad8 27. Qc2 Bxg5 28. hxg6 Qc4+ 29. Kg1 fxg6 30. Rxh7 Kxh7 31. Nxg5+ Kh6 32. Bg7+ Kxg7 33. Qxc4 Rd1+ 34. Kg2 Rxf2+ 35. Kg3 Rg1+ 36. Kh4 Rh2+ 37. Nh3 g5+ 0-1

[Event "32.Schlosspark-Open"]
[Site "Wiesbaden-Biebrich"]
[Date "2023.08.24"]
[Round "1.73"]
[White "Rump, Andreas"]
[Black "Yozgyur, Ediz"]
[Result "0-1"]
[WhiteElo "1931"]
[BlackElo "1446"]
[PlyCount "90"]
[EventDate "2023.??.??"]
[WhiteTeam "SG Turm Idstein"]
[BlackTeam "Kreuznacher SV 1921 e.V."]

1. d4 Nf6 2. c4 e6 3. Nc3 Bb4 4. Qc2 Bxc3+ 5. Qxc3 d5 6. Bg5 c6 7. e3 Ne4 8. Bxd8 Nxc3 9. Ba5 Ne4 10. f3 Nf6 11. b3 Nbd7 12. Bd3 b6 13. Bc3 c5 14. Ne2 O-O 15. Kf2 Bb7 16. Rhg1 g5 17. g4 Rfe8 18. Ng3 e5 19. Bf5 cxd4 20. exd4 e4 21. Rae1 exf3 22. Bd2 h6 23. Bxd7 Nxd7 24. Nf5 Nf6 25. Nd6 Ne4+ 26. Rxe4 Rxe4 27. Nxe4 dxe4 28. Ke3 a5 29. d5 Re8 30. Bc3 Kh7 31. Rd1 Kg6 32. Bd4 b5 33. d6 Bc6 34. Bb6 Bd7 35. h3 bxc4 36. bxc4 Rb8 37. c5 f5 38. gxf5+ Kxf5 39. Rd4 f2 40. Kxf2 Kf4 41. Bxa5 Rb2+ 42. Bd2+ Rxd2+ 43. Rxd2 e3+ 44. Ke2 exd2 45. Kxd2 h5 0-1

[Event "32.Schlosspark-Open"]
[Site "Wiesbaden-Biebrich"]
[Date "2023.08.24"]
[Round "1.74"]
[White "Machwirth, Ernst"]
[Black "Bremer, Vincent"]
[Result "0-1"]
[WhiteElo "1410"]
[BlackElo "1925"]
[PlyCount "74"]
[EventDate "2023.??.??"]
[WhiteTeam "Sfr Stiller Zug Wiesbaden"]
[BlackTeam "TSG 1846 Bretzenheim/ZMO"]

1. e4 c5 2. Nc3 Nc6 3. Nf3 g6 4. d4 cxd4 5. Nxd4 Bg7 6. Nxc6 bxc6 7. Bd2 d6 8. Bd3 Nf6 9. O-O O-O 10. Re1 Nd7 11. Rb1 Nc5 12. b3 Nxd3 13. cxd3 Ba6 14. Qc2 Rc8 15. Be3 c5 16. Nd5 e6 17. Nf4 Qd7 18. f3 f5 19. Ne2 Rfd8 20. Bg5 Rf8 21. Nc3 h6 22. Be3 Kh7 23. exf5 gxf5 24. Bf2 Rg8 25. f4 Bd4 26. Ne2 Bxf2+ 27. Kxf2 Qc6 28. g3 Bb7 29. Rg1 Qf3+ 30. Ke1 e5 31. Qd2 Rce8 32. Rf1 Qg2 33. Rb2 Qxh2 34. fxe5 Rxe5 35. Qf4 Qxg3+ 36. Kd2 Qg4 37. Rf2 Rxe2+ 0-1

[Event "32.Schlosspark-Open"]
[Site "Wiesbaden-Biebrich"]
[Date "2023.08.24"]
[Round "1.75"]
[White "Fleckenstein, Lukas"]
[Black "Henzelmann, Matthias"]
[Result "1-0"]
[WhiteElo "1864"]
[BlackElo "1443"]
[PlyCount "71"]
[EventDate "2023.??.??"]
[WhiteTeam "SK Niederbrechen 1948"]
[BlackTeam "SC Heuchelheim"]

1. e4 c5 2. Nc3 e6 3. d3 Nc6 4. g3 d5 5. Bg2 Nf6 6. exd5 Nxd5 7. Nge2 Bd6 8. Nxd5 exd5 9. Bxd5 O-O 10. Bg2 Re8 11. Be3 Qf6 12. Nc3 Bd7 13. O-O Rac8 14. Ne4 Qe7 15. Re1 b6 16. Bg5 Qf8 17. Qh5 h6 18. Bxh6 Rxe4 19. Rxe4 gxh6 20. Rae1 Ne7 21. Bh3 Bxh3 22. Qxh3 Rd8 23. Rh4 Kh7 24. Ree4 Ng6 25. Rh5 Qg7 26. Qf5 Qxb2 27. Reh4 Qc1+ 28. Kg2 Kg8 29. Rxh6 Nxh4+ 30. Rxh4 Qb2 31. Qg5+ Qg7 32. Qxd8+ Qf8 33. Rg4+ Kh7 34. Qg5 Be7 35. Rh4+ Qh6 36. Rxh6# 1-0

[Event "32.Schlosspark-Open"]
[Site "Wiesbaden-Biebrich"]
[Date "2023.08.24"]
[Round "1.76"]
[White "Fang, Borui"]
[Black "Rutsatz, Mario"]
[Result "0-1"]
[WhiteElo "1415"]
[BlackElo "1912"]
[PlyCount "82"]
[EventDate "2023.??.??"]
[WhiteTeam "SV Oberursel"]
[BlackTeam "SC 1961 König Nied"]

1. e4 e6 2. d4 d5 3. exd5 exd5 4. Bd3 c5 5. c3 Nf6 6. Nf3 Nc6 7. O-O c4 8. Bc2 Bg4 9. h3 Bh5 10. Re1+ Be7 11. Nbd2 O-O 12. Nf1 b5 13. Ng3 Bg6 14. Bxg6 hxg6 15. Bg5 Re8 16. Qc2 b4 17. Ne5 Qb6 18. Bxf6 Bxf6 19. Nd7 Qc7 20. Nxf6+ gxf6 21. Nf1 Kg7 22. Ne3 Rad8 23. g3 f5 24. Kg2 Qd6 25. f4 Re4 26. Kf2 Rh8 27. h4 Nb8 28. cxb4 Nc6 29. a3 Nxd4 30. Qc3 f6 31. Ng2 Qb6 32. Rxe4 fxe4 33. Qe3 Nb3 34. Rd1 Rd8 35. Qxb6 axb6 36. Ne3 d4 37. Nxc4 Rc8 38. Nd6 Rc2+ 39. Ke1 f5 40. h5 Rh2 41. hxg6 Rh1+ 0-1

[Event "32.Schlosspark-Open"]
[Site "Wiesbaden-Biebrich"]
[Date "2023.08.24"]
[Round "1.77"]
[White "Müller, Lutz"]
[Black "Papadopoulos, Kyriakos"]
[Result "1-0"]
[WhiteElo "1915"]
[BlackElo "1411"]
[PlyCount "91"]
[EventDate "2023.??.??"]
[WhiteTeam "Sfr.Mainz 1928"]
[BlackTeam "VSG 1880 Offenbach"]

1. d4 d5 2. Nf3 Nf6 3. Bf4 Bf5 4. e3 e6 5. c4 dxc4 6. Bxc4 Nc6 7. O-O Bd6 8. Ne5 Bxe5 9. dxe5 Ng4 10. Bb5 O-O 11. Bxc6 bxc6 12. Qxd8 Rfxd8 13. f3 Bd3 14. Rc1 Nh6 15. Bxh6 gxh6 16. Na3 Rab8 17. b3 Rb6 18. Rd1 Kf8 19. Kf2 Ke7 20. e4 Ra6 21. Ke3 Rxa3 22. Rxd3 Rxd3+ 23. Kxd3 Ra5 24. Kd4 Ra3 25. Kc5 Ra6 26. a4 Rb6 27. b4 Kd7 28. Rd1+ Kc8 29. f4 Rb8 30. Rd3 Kb7 31. Rg3 Rd8 32. Rg7 Rd2 33. Rxf7 Rxg2 34. Rf6 Rg4 35. Kd4 h5 36. Ke3 Rh4 37. Rxe6 Rxh2 38. f5 Rh1 39. Rh6 h4 40. e6 Kc8 41. Rxh7 h3 42. Rh8+ Kb7 43. e7 h2 44. Kf2 Rg1 45. Rxh2 Rg8 46. f6 1-0

[Event "32.Schlosspark-Open"]
[Site "Wiesbaden-Biebrich"]
[Date "2023.08.24"]
[Round "1.78"]
[White "Joshi, Kanad"]
[Black "Derr, Oleg"]
[Result "0-1"]
[WhiteElo "1370"]
[BlackElo "1755"]
[PlyCount "80"]
[EventDate "2023.??.??"]
[WhiteTeam "SV Oberursel"]
[BlackTeam "VSG 1880 Offenbach"]

1. e4 c5 2. Nf3 e6 3. d3 d5 4. Nbd2 Nc6 5. g3 Nf6 6. Bg2 Be7 7. O-O O-O 8. e5 Ng4 9. Re1 Qc7 10. Qe2 f6 11. exf6 Bxf6 12. c4 Nh6 13. Nb3 Nf5 14. Nxc5 Ncd4 15. Nxd4 Nxd4 16. Qg4 Qxc5 17. Be3 dxc4 18. Rac1 Qf5 19. Qxf5 Nxf5 20. Rxc4 Nxe3 21. Rxe3 Rb8 22. b3 b5 23. Rc7 Bd4 24. Re2 Rf7 25. Rc6 Bd7 26. Rc7 Rbf8 27. Bh3 Bb6 28. Rxd7 Rxd7 29. Bxe6+ Rdf7 30. Re5 b4 31. Kg2 Re8 32. f4 Kf8 33. Bxf7 Rxe5 34. fxe5 Kxf7 35. Kf3 Ke6 36. Ke4 Bg1 37. h3 Bh2 38. d4 Bxg3 39. d5+ Ke7 40. Kd4 g6 0-1

[Event "32.Schlosspark-Open"]
[Site "Wiesbaden-Biebrich"]
[Date "2023.08.24"]
[Round "1.79"]
[White "Davidov, Georgi"]
[Black "Moissl, Felix"]
[Result "1-0"]
[WhiteElo "1904"]
[BlackElo "1347"]
[PlyCount "35"]
[EventDate "2023.??.??"]
[WhiteTeam "SC Rotenburg"]
[BlackTeam "SJ Herborn 1998"]

1. e4 e5 2. Nf3 Nc6 3. Bb5 a6 4. Bxc6 bxc6 5. O-O Bd6 6. d4 exd4 7. Qxd4 f6 8. e5 Be7 9. Qc4 Bb7 10. Re1 d5 11. Qg4 Kf8 12. Nd4 Bc8 13. Qf3 Qd7 14. h3 Bc5 15. e6 Qd8 16. Nb3 Bd6 17. Nc3 Be5 18. Rxe5 1-0